杭州市知识测验 交通现代部分 Hangzhou city quiz #4 - Statistics

General Stats
  • This quiz has been taken 36 times
  • The average score is 11 of 18
Answer Stats
问题 答案 % Correct
杭州的4F级民用运输机场 杭州{萧山}国际机场
97%
阿里巴巴总部所在的杭州市辖区 余杭区
88%
杭州东站的站台有显著的什么问题? (不均匀)沉降
85%
国铁杭州站俗称 城站
82%
自杭州西站附近至机场附近的穿城快线 地铁{19}号线
79%
杭州地铁5号线与绍兴地铁1号线的换乘车站 姑娘桥
76%
杭州市网络直播产业最集聚的市辖区 滨江区
76%
浙江大学在杭州的校区 紫金港校区
76%
前往西湖边的繁华商圈与湖滨银泰in77,应该在哪个地铁站下车? 龙翔桥
73%
浙江大学在杭州的校区 玉泉校区
61%
浙江大学在杭州的校区 西溪校区
58%
浙江大学在杭州的校区 华家池校区
55%
浙江大学在杭州的校区 之江校区
55%
杭海城际的杭州端出发车站 临平南高铁站
52%
该商圈中的南北向主干道路 延安路
42%
杭州市北郊重要的铁路货运编组站 乔司站
30%
1907年浙江首条铁路“江墅铁路”通车,自拱宸桥到钱塘江畔的____车站,该地区现有铁路文化公园 闸口
24%
“拱墅驾校”梗来源于主播 孙一峰
9%
No matching quizzes found
Score Distribution
Percent of People with Each Score
Percentile by Number Answered
Your Score History
You have not taken this quiz